000 00648pam a2200217 a 4500
001 1109052
005 20180119044304.0
008 931126s1994 mau 001 0 eng
010 _a 93047215
020 _a0316353809 :
_c$29.95 (Canada : 38.95)
040 _aDLC
_cDLC
_dDLC
041 _aeng
080 _a332.632 ENG
082 0 0 _a332.632 ENG
_220
100 1 _a56
101 _aFIN
245 1 0 _aHow to buy stocks /
_cby Louis Engel and Henry Hecht.
906 _a7
_bcbc
_corignew
_d1
_eocip
_f19
_gy-gencatlg
942 _2ddc
_cBK
999 _c40549
_d40549